000 00500cam a22001814a 4500
005 20250605164243.0
008 250528s ||||||||||||||||||||||||d
035 _a21396
040 _aGR-AtMCL
_bgre
_dGR-AtMCL
_eAACR2
245 1 _aΠΕΡΙΓΡΑΦΙΚΗ ΣΤΑΤΙΣΤΙΚΗ ΤΟΜΟΣ Γ
250 _a1
260 _bΑ.Σταμουλης,
_c1989
300 _a167
700 1 _aΑθανασοπουλος Δημητριος Α
_97443
942 _cBK
999 _c6459
_d6459